Word Ladder: 4-Letter Colleges Quiz Stats

 Plays Quiz Updated Mar 28, 2012

Support Sporcle.
Go Orange.
Score 0/42 Timer 04:00
2 Plays Today
Clue 4-letter Word % Correct
Upper body limbsARMS
86.2%
☆ Blue Devils ☆☆ DUKE ☆
84%
Jedi SkywalkerLUKE
83.8%
Michigan or Erie, e.g.LAKE
83.2%
Running contestRACE
82.6%
FinishedDONE
81.8%
Sand hillDUNE
80.9%
An object on the stagePROP
78.1%
Greeting gestureWAVE
76.1%
Charged particlesIONS
74.9%
Uses a gun sightAIMS
74.2%
Reign as a kingRULE
73.6%
Corn or soy beans, e.g.CROP
73.3%
Wears clothesDONS
72.1%
Exchange of property for moneySALE
71.5%
Christmas seasonYULE
70.7%
Goalie or pitcher statSAVE
70.4%
Rival of a BloodCRIP
70.2%
☆ Bulldogs ☆☆ YALE ☆
69.8%
☆ Black Knights ☆☆ ARMY ☆
68.8%
☆ Midshipmen ☆☆ NAVY ☆
68.6%
Clue 4-letter Word % Correct
Modell and Garfunkel, e.g.ARTS
67.6%
Poke atPROD
66.9%
Lung soundRALE
66.1%
Greek equivalent of MarsARES
65.1%
Very, in ParisTRES
64.1%
WashLAVE
62%
Trampled on, like grassTROD
61.8%
A holder of ammoCLIP
61.2%
Church partNAVE
60%
☆ Hawkeyes ☆☆ IOWA ☆
59.8%
60's icon ___ GravyWAVY
59.8%
Affected or into craftsARTY
59.5%
Borders or edgesRIMS
56.7%
☆ Trojans ☆☆ TROY ☆
56.3%
Junior's son or 3, in a deck of cardsTREY
54.8%
☆ Gaels ☆☆ IONA ☆
53.3%
☆ Owls ☆☆ RICE ☆
52.1%
☆ Bobcats ☆☆ OHIO ☆
45.3%
FrostRIME
43.4%
Award given for advertisingCLIO
40.3%
HodgepodgeOLIO
34%

Today's Daily Dose

Quick Pick
Nissan Models

Get the Picture
Amazing Trees

From the Vault

Secret Country III

by goc3

Geography 60s
Can you keep a secret?
Remove Ads.
Support Sporcle.
Get the best of Sporcle when you Go Orange. This ad-free experience offers more features, more stats, and more fun while also helping to support Sporcle. Thank you for becoming a member.

Show Comments

Extras

Top Quizzes Today


Score Distribution

Your Account Isn't Verified!

In order to create a playlist on Sporcle, you need to verify the email address you used during registration. Go to your Sporcle Settings to finish the process.

Report this User

Report this user for behavior that violates our Community Guidelines.

Details: